000 00485nam a2200169Ia 4500
008 240729s9999 xx 000 0 und d
022 _a2475-0581
245 0 _aPsychiatry and Clinical Psychopharmacology
260 _aTürkiye
260 _bAVES
650 _a Internal medicine
650 _a Neurosciences. Biological psychiatry. Neuropsychiatry
650 _aMedicine
856 _uhttps://doaj.org/toc/092412a9a4c24fd0af68088c19a9a832
942 _2ddc
942 _cDOAJEJ
999 _c70445
_d70445
945 _a1
_bMadushi Gamage
_c1
_dMadushi Gamage